00357nam a2200133Ia 4500008004100000020001800041041000800059082001900067100002200086245005500108260003400163300000900197650001700206260223s2024 xx 000 0 und d a9789393885913 aeng a610.73.02./SHA aShakyawal.Ankita. aChild Health Nursing (Procedure Nursing For B.S.C) aB.S.B. PunebEMMESS,Pubc2024 a900P aChild Health